Water chemistry

שמור ב:
מידע ביבליוגרפי
Main Authors: Snoeyink, Vernon L (Author), Jenkins, David (Author)
פורמט: ספר
שפה:אנגלית
יצא לאור: Nueva York John Wiley 1980
נושאים:
תגים: הוספת תג
אין תגיות, היה/י הראשונ/ה לתייג את הרשומה!

MARC

LEADER 00000nam a2200000 a 4500
001 UCV4838
003 CL-VaPUC
008 880325e19800000US |||||||||||||||||eng|d
082 0 4 |a 546.22  |b SNO  |2 21 
100 0 |a Snoeyink, Vernon L  |e author  |9 299014 
700 0 |a Jenkins, David  |e author  |9 299015 
245 1 0 |a Water chemistry 
300 |a 463 p 
942 |c BK 
945 |d 19880325 00:00:00 
260 |a Nueva York  |b John Wiley  |c 1980 
650 0 |a Química del agua   |9 261152 
583 |a last modification  |c 20180514 10:53:09  |k Rodrigo Vera 
999 |c 211495  |d 211493 
952 |0 0  |1 0  |4 0  |6 546_220000000000000_SNO_1980  |7 0  |8 CCM  |9 190898  |a BIBCUR  |b BIBCUR  |d 2019-11-14  |i 2585626  |o 546.22 SNO 1980  |p 2585626  |r 2025-04-22  |w 2019-11-14  |y BK  |k CIM